| 000 | 00672cam a22002291 4500 | ||
|---|---|---|---|
| 001 | hew65000085 | ||
| 003 | DLC | ||
| 005 | 20260227111514.0 | ||
| 008 | 820312s1964 dcua 000 0 eng | ||
| 010 | _ahew65000085 | ||
| 035 | _a(OCoLC)16765839 | ||
| 040 |
_aDLC _cOrPS _dOCoLC _dDLC |
||
| 042 | _apremarc | ||
| 050 | 0 | 0 |
_aHV854 _b.A466 |
| 110 | 1 |
_aUnited States. _bChildren's Bureau. |
|
| 245 | 1 | 0 | _aDay care services ... |
| 260 |
_aWashington, _bU.S. Govt. Print. Off., _c1964. |
||
| 300 |
_a44 p. _billus. _c16 x 23 cm. |
||
| 490 | 1 |
_aIts Publication _vno. 420 |
|
| 650 | 0 | _aDay care centers. | |
| 810 | 1 |
_aUnited States. _bChildren's Bureau. _tPublication _vno. 420. |
|
| 999 |
_c34548 _d34548 |
||